| 000 | 01091nam a2200289 a 4500 | ||
|---|---|---|---|
| 001 | 70264 | ||
| 003 | BD-RjUL | ||
| 005 | 20211209082000.0 | ||
| 008 | 170416s1987 nyu b 101 0 eng d | ||
| 020 |
_a047184800X : _c$49.95 (est.) |
||
| 035 | _a(BD-RjUL)70478 | ||
| 040 |
_aDLC _cDLC _dBD-RjUL _beng |
||
| 041 | _aeng | ||
| 082 | 0 | 0 |
_a519.5 _223 _bNEW 1987 |
| 245 | 0 | 0 |
_aNew perspectives in theoretical and applied statistics / _cedited by Madan Lal Puri, José Pérez Vilaplana, Wolfgang Wertz. |
| 260 |
_aNew York : _bWiley, _cc1987. |
||
| 300 |
_axxiii, 544 p. ; _c24 cm. |
||
| 504 | _aIncludes bibliographies and indexes. | ||
| 650 | 0 |
_aMathematical statistics _xCongresses. _9208085 |
|
| 650 | 0 |
_aProbabilities _xCongresses. _9208086 |
|
| 700 | 1 |
_aPuri, Madan Lal. _9208087 |
|
| 700 | 2 |
_aPérez Vilaplana, José. _9208088 |
|
| 700 | 1 |
_aWertz, Wolfgang. _9208089 |
|
| 830 |
_aWiley series in probability and mathematical statistics. _9208095 |
||
| 942 |
_2ddc _cBK |
||
| 999 |
_c70264 _d70264 |
||